Ευκαιρίες και προκλήσεις της υποχρεωτικής εφαρμογής των συστημάτων περιβαλλοντικής διαχείρισης στον ελληνικό χώρο : πτυχιακή εργασία
Τα Συστήματα Περιβαλλοντικής Διαχείρισης (ΣΠΔ), όπως το διεθνές πρότυπο ISO 14001 και το Κοινοτικό Σύστημα Οικολογικής Διαχείρισης EMAS, είναι εθελοντικά εργαλεία και εφαρμόζονται από τις επιχειρήσεις για τη βελτίωση της περιβαλλοντικής και λειτουργικής τους απόδοση. Πρόσφατα, μια νέα ελληνική νομοθ...
Saved in:
| Main Author: | |
|---|---|
| Corporate Author: | |
| Format: | Thesis Book |
| Language: | Greek |
| Published: |
2006.
|
| Subjects: | |
| Online Access: | http://hdl.handle.net/11610/10140 |
| Tags: |
Add Tag
No Tags, Be the first to tag this record!
|
MARC
| LEADER | 00000cam a2200000 i 4500 | ||
|---|---|---|---|
| 001 | 1/102622 | ||
| 008 | 090312s2006 gre d | ||
| 035 | |l 10103735 | ||
| 040 | |a GR-MY-UA |b gre |e aacr | ||
| 041 | 0 | |a gre | |
| 082 | 0 | |a 333.7 |2 (22) | |
| 100 | 1 | |a Αντωνίου, Αναστασία. | |
| 245 | 1 | 0 | |a Ευκαιρίες και προκλήσεις της υποχρεωτικής εφαρμογής των συστημάτων περιβαλλοντικής διαχείρισης στον ελληνικό χώρο : |b πτυχιακή εργασία / |c της Αναστασίας Αντωνίου ; επιβλέπων καθηγητής Κωνσταντίνος Ευαγγελινός. |
| 260 | |c 2006. | ||
| 300 | |a 111 σ. : |b πιν., εικ. ; |c 30 εκ. | ||
| 502 | |a Πτυχιακή εργασία – Πανεπιστήμιο Αιγαίου, Λέσβος, 2006. | ||
| 504 | |a Περιέχει βιβλιογραφία. | ||
| 506 | 0 | |a Ηλεκτρονική διάθεση στο πλήρες κείμενο - ελεύθερης πρόσβασης. | |
| 520 | 8 | |a Τα Συστήματα Περιβαλλοντικής Διαχείρισης (ΣΠΔ), όπως το διεθνές πρότυπο ISO 14001 και το Κοινοτικό Σύστημα Οικολογικής Διαχείρισης EMAS, είναι εθελοντικά εργαλεία και εφαρμόζονται από τις επιχειρήσεις για τη βελτίωση της περιβαλλοντικής και λειτουργικής τους απόδοση. Πρόσφατα, μια νέα ελληνική νομοθεσία υποχρεώνει όλες της επιχειρήσεις Υψηλής Όχλησης να εφαρμόσουν τέτοια συστήματα με αποτέλεσμα να μεταβάλλεται η φύση τους. Με την πτυχιακή αυτή εργασία διερευνάται κατά πόσο αλλάζει η υφιστάμενη κατάσταση των επιχειρήσεων, η περιβαλλοντική, λειτουργική και οικονομική απόδοση τους και η συμμόρφωση με τη νομοθεσία. Για τη διεύρυνση αυτού του ερευνητικού ερωτήματος πραγματοποιήθηκε αρχικά βιβλιογραφική ανασκόπηση. Στη συνέχεια, έλαβε χώρα η εμπειρική έρευνα σε ένα δείγμα πιστοποιημένων επιχειρήσεων (κατά ISO 14001, EMAS) στον ελληνικό χώρο. Τέλος, αναφέρονται ενέργειες που μπορούν να πραγματοποιηθούν ώστε να βελτιωθεί η κατάσταση των ελληνικών επιχειρήσεων κατά τη διάρκεια της υποχρεωτικής εφαρμογής των ΣΠΔ. | |
| 650 | 0 | 0 | |a Environmental auditing |z Greece. |
| 650 | 0 | 0 | |a Best management practices (Pollution prevention) |
| 650 | 0 | 0 | |a Environmental protection |x Standards |z Greece. |
| 650 | 0 | 0 | |a Production management |x Environmental aspects. |
| 650 | 0 | 0 | |a Dissertations, Academic |z Greece. |
| 700 | 1 | |a Ευαγγελινός, Κωνσταντίνος, |e dgs | |
| 710 | 2 | |a Πανεπιστήμιο Αιγαίου. |b Σχολή Περιβάλλοντος. |b Τμήμα Περιβάλλοντος. | |
| 852 | |a INST |b LESVOS |c DIATR |e 20090312 |h 1117 |p 005100044494 |q 005100044494 |t DIE |y 23 | ||
| 852 | |a INST |b LESVOS |c DIATR |e 20090312 |h 1118 |p 005100044495 |q 005100044495 |t DIE |y 23 | ||
| 856 | |u http://hdl.handle.net/11610/10140 | ||
| 901 | |a BIBL1-2009-1 | ||
| 909 | |a Λ |b 137860 | ||
| 909 | |a Λ |b 137861 | ||
| 924 | |a ΑΝΤΩΝΙΟΥ |b ΑΝΑΣΤΑΣΙΑ |y ΛΕΣΒΟΣ |z 2007-11 | ||
| 970 | |a ΤΖΑΦΕΡΗ |b ΕΥΑΓΓΕΛΙΑ |z 2009/03/12 | ||